Self-help groups (SHGs) and women empowerment in India / by Arjun Yallappa Pangannavar (Record no. 74820)

MARC details
000 -LEADER
fixed length control field 00801nam a22002177a 4500
005 - DATE AND TIME OF LATEST TRANSACTION
control field 20130501151210.0
008 - FIXED-LENGTH DATA ELEMENTS--GENERAL INFORMATION
fixed length control field 130422b xxu||||| |||| 00| 0 eng d
010 ## - LCCN (DPL NO)
LC control number ENG-106961
020 ## - INTERNATIONAL STANDARD BOOK NUMBER
International Standard Book Number 9788177083255
Terms of availability 635.00
035 ## - SYSTEM CONTROL NUMBER
System control number EN-90494
037 ## - SOURCE OF ACQUISITION
Source of stock number/acquisition DBAD/PUB
040 ## - CATALOGING SOURCE
Original cataloging agency DPL
Language of cataloging Eng
082 ## - DEWEY DECIMAL CLASSIFICATION NUMBER
Classification number 305.420954
100 ## - MAIN ENTRY--PERSONAL NAME
Personal name Pangannavar, Arjun Yallappa
245 ## - TITLE STATEMENT
Title Self-help groups (SHGs) and women empowerment in India / by Arjun Yallappa Pangannavar
Statement of responsibility, etc by Arjun Yallappa Pangannavar
260 ## - PUBLICATION, DISTRIBUTION, ETC. (IMPRINT)
Place of publication, distribution, etc New Delhi
Name of publisher, distributor, etc New Century Publications
Date of publication, distribution, etc 2012
270 ## - ADDRESS
Address 4800/24, Bharat Ram Road, Ansari Road Darya Ganj
City New Delhi
Postal code 110002
300 ## - PHYSICAL DESCRIPTION
Extent XIX,187p.
Dimensions 23cm(Hb)
500 ## - GENERAL NOTE
General note Includes bibliographical references (p. [173]-179) and index.
942 ## - ADDED ENTRY ELEMENTS (KOHA)
Source of classification or shelving scheme Dewey Decimal Classification
Item type English Books
Classification part 305.420954
Call number suffix PAN
Holdings
Withdrawn status Lost status Source of classification or shelving scheme Damaged status Not for loan Collection code Home library Current library Date acquired Source of acquisition Cost, normal purchase price Total Checkouts Full call number Barcode Date last seen Copy number Cost, replacement price Koha item type
    Dewey Decimal Classification   Not For Loan Non-fiction D.B.Act.Division D.B.Act.Division 22/04/2013 DBAD/PUB 635.00   361.430954 PAN EN-90494 22/04/2013 1 635.00 English Books

© Delhi Public Library
Hit Counter
free hit counter